LEADER 01179nam a2200277 i 4500 001 000000177318 003 CaOOAMICUS 005 20090129000000.0 008 090129s2003 it u000 u ita u 013 $a154834 040 $aSeMil$bita 245 13$aIl gotico /$cA cura di Marcella Parisi ; testi di Giulia Marrucchi. 260 $aRoma :$bGruppo Editoriale L'Espresso,$ccopyr. 2003. 260 $a[Firenze] :$bScala Group,$ccopyr. 2003. 300 $a216 p. :$briccamente ill. ;$c25 cm. 490 0 $aLa grande storia dell'arte ;$v2 500 $aDono di don Romano Martinelli. 700 1 $aMarrucchi, Giulia.$0(OLS)http://semarc/name/65995 700 1 $aParisi, Marcella.$0(OLS)http://semarc/name/65994 830 3$aLa grande storia dell'arte ;$v2.$0(OLS)http://semarc/title/27192 850 $aSeMil 852 $aSeMil$W1$xVenegono$y1$m5V XVI 2$j128129$B128129$CSeMilBibl$Z2$F138986 $81 961 $aOmaggio: Martinelli don Romano 996 $6245$aIl gotico$9(OLS)http://semarc/title/254646 996 $6260$a[Firenze] :$bScala Group$9(OLS)http://semarc/publisher/35347 996 $6260$aRoma :$bGruppo Editoriale L'Espresso$9(OLS)http://semarc/publisher/34574 LEADER 00756nam a2200205 i 4500 001 000000070045 003 CaOOAMICUS 005 20080620000000.0 008 080620n gw u000 u ger u 013 $a41217 040 $aSeMil$bita 100 1 $aStegmüller, Wolfgang.$0(OLS)http://semarc/name/8767 245 10$a1. 300 $aLV, 730 p. 490 0 $aKröners Taschenausgabe ;$v308 773 0 $aStegmüller, Wolfgang$tHauptströmungen der Gegenwartsphilosophie.$b6. Aufl.$dStuttgart : Kröner, 1978-1979-$g1$w()19681 830 0$aKröners Taschenausgabe ;$v308.$0(OLS)http://semarc/title/25896 850 $aSeMil 852 $aSeMil$W1$xVenegono$y1$m2P I 506$j36198$B36198$CSeMilBibl$Z2$F36201 $81 996 $6245$a1$9(OLS)http://semarc/title/6508